| 000 | 00664nam a2200241Ia 4500 | ||
|---|---|---|---|
| 003 | OSt | ||
| 005 | 20220924143456.0 | ||
| 006 | a|||||r|||| 00| 0 | ||
| 007 | ta | ||
| 008 | 220923b |||||||| |||| 00| 0 urd d | ||
| 024 | _a308442 | ||
| 037 | _cTextual | ||
| 040 |
_aARTS _cARTS _burd |
||
| 041 |
_2urd _aurd |
||
| 082 | _aO111,3MCH1,13, 168M3 | ||
| 100 |
_aHedleCheez James Au. _9215899 |
||
| 245 | 0 | _aHoshmand pagal | |
| 260 | _c1983 | ||
| 650 | _aENGLISH FICTION | ||
| 700 |
_a Akhtar Hussain Tr. _9215900 |
||
| 942 |
_hO111,3MCH1,13, 168M3 _cTEXL _2CC |
||
| 999 |
_c454612 _d454612 |
||